Pautes per a l'elaboració de la programació 2002 en el marc de l'estratègia de pactes territorials de promoció econòmica i ocupació / Diputació de Barcelona, Àrea de Promoció Econòmica i Ocupació
Descripción Física:
37, [21] fulls ; 30 cm
Materias:
Administració local -- Subvencions
MARC
| LEADER | 00000nam a2200000Ia 4500 | ||
|---|---|---|---|
| 001 | 15989 | ||
| 008 | 160829s9999 xx 000 0 cat d | ||
| 080 | |a M-4-354 | ||
| 110 | 1 | |a Barcelona (Catalunya : Província). |b Àrea de Promoció Econòmica i Ocupació |9 17540 | |
| 245 | |a Pautes per a l'elaboració de la programació 2002 en el marc de l'estratègia de pactes territorials de promoció econòmica i ocupació / Diputació de Barcelona, Àrea de Promoció Econòmica i Ocupació | ||
| 260 | |a Barcelona : |b Diputació de Barcelona, Àrea de Promoció Econòmica i Ocupació, [2003] | ||
| 300 | |a 37, [21] fulls ; |c 30 cm | ||
| 650 | |a Administració local |x Subvencions |9 39686 | ||
| 901 | |a Arxiu | ||
| 942 | |n 1 |2 udc | ||
| 952 | |0 0 |1 0 |4 0 |6 M4354 |7 1 |9 49163 |a Arxiu |b Arxiu |d 2016-12-01 |l 0 |o M-4-354 |p 15989 |r 2016-12-01 00:00:00 |w 2016-12-01 |y ARXIU | ||
| 999 | |c 53002 |d 53002 | ||